[Event "Prague Festival Open 2019"]
[Site "Prague"]
[Date "2019.03.12"]
[Round "5"]
[White "Sivuk, Vitaly"]
[Black "Pulpan, Jakub"]
[Result "1-0"]
[WhiteElo "2514"]
[BlackElo "2417"]
[Annotator "TA"]
[PlyCount "123"]
[EventDate "2019.02.28"]
[EventType "tourn"]
[EventCountry "CZE"]
[SourceTitle "playchess.com"]
[Source "ChessBase"]
[SourceQuality "1"]

{[%evp 13,123,0,0,0,15,0,4,-2,9,9,2,14,34,42,52,0,0,0,0,-13,-13,-13,-6,-13,-12,-12,0,-11,60,0,12,13,17,15,7,0,120,120,151,133,231,222,285,269,267,236,341,327,322,445,444,438,439,442,455,442,441,0,420,413,419,290,424,429,421,350,412,459,396,429,503,455,489,454,454,446,446,433,370,337,435,97,97,0,387,334,2327,2192,2274,916,29972,29973,29973,29974,29974,29975,29975,29975,29973,29974,29976,29978,29978,29977,29977,29978,29977,29978,29978,29979,29975,29970]} 1. Nf3 d5 2. c4 e6 3. e3 Nf6 4. b3 Be7 5. Bb2 O-O 6. Nc3 c5 7. cxd5 Nxd5 8. Qc2 {A13: English Opening: 1...e6} Nc6 9. h4 b6 10. a3 {The position is equal.} h6 $146 ({Predecessor:} 10... f5 11. Bb5 Bb7 12. Nxd5 exd5 13. d4 Rc8 14. dxc5 bxc5 15. O-O Bf6 {1-0 (43) Karjakin,S (2760)-Anand,V (2762) Moscow 2016}) 11. g4 Nxc3 $1 12. dxc3 Bb7 {White must now prevent ...Ne5.} 13. Rh3 f5 {[#]} 14. gxf5 (14. g5 $1 $14 {[%mdl 512]}) 14... Rxf5 15. Bd3 {[#]} Rxf3 $1 {[%mdl 512]} 16. Bh7+ (16. Rxf3 Nd4) 16... Kh8 17. Rxf3 Nd4 18. cxd4 Bxf3 19. Be4 $1 {[%cal Re4f3]} Bxe4 20. Qxe4 {Hoping for dxc5.} cxd4 (20... Bf6 $11) 21. Rd1 ({White should play} 21. Bxd4 $14 Bf8 22. Kf1) 21... Bf6 22. Bxd4 Bxd4 23. Rxd4 $11 {[%mdl 4096] Endgame KQR-KQR} Qf8 24. Rd7 Rc8 (24... Rd8 $11 {keeps the balance.} 25. Qf4 (25. Qxe6 Rxd7 26. Qxd7 Qxa3 $11) (25. Rxa7 Qf6 $11) 25... Qe8 26. Rxd8 Qxd8) 25. Rxa7 $16 Qf6 26. Ra8 $1 {[%cal Ra8c8]} Qa1+ (26... Rxa8 $16 {keeps fighting.} 27. Qxa8+ Kh7) 27. Ke2 $18 {[%cal Ra8c8]} Qb2+ 28. Kf1 $1 {[%cal Ra8c8]} Qc3 29. Kg2 $40 {[%mdl 128] White attacks with force.} e5 (29... Qc7 {might work better.} 30. a4 Qd7) 30. a4 Rxa8 31. Qxa8+ {KQ-KQ} Kh7 32. Qe4+ Kh8 33. b4 Qc7 34. Kg3 Qc1 35. Kg2 Qc7 $1 36. b5 Qd6 37. Kg3 Qd1 (37... h5 $142 38. Qf5 g6) 38. Qxe5 Qg1+ 39. Kf3 $1 Qd1+ 40. Kf4 Qxa4+ 41. e4 Qa7 42. Qe8+ Kh7 43. Kf5 Qc7 44. Qg6+ Kh8 {intending ...Qc5+.} 45. Qe6 Kh7 46. h5 Qc5+ {[#]} 47. Qe5 $2 (47. Qd5 $1 $18 {[%cal Rd5c5] is the precise move to win. White wants to mate with Qxc5.} Qe7 48. Kg4) 47... Qc8+ $16 48. Qe6 $2 {[%mdl 8192]} (48. Kf4 $16 {Threatens to win with Qf5+.} Qc1+ 49. Kf5) 48... Qc5+ $18 {[#]} 49. Qd5 $1 {[%cal Rd5c5] Threatening mate with Qxc5.} Qxf2+ $2 (49... Qe7 50. f4 Qf6+ 51. Kg4 Qc3) 50. Ke6 Qf6+ 51. Kd7 g5 52. hxg6+ {White mates.} Kxg6 53. e5 Qg7+ 54. Kc6 Qa7 55. Qe6+ Kg5 56. Qf6+ Kg4 57. e6 Qa8+ 58. Kc7 Qa7+ 59. Kd6 Qa3+ 60. Kd7 Qd3+ 61. Ke8 Qxb5+ 62. Kf8 {Accuracy: White = 68%, Black = 40%.} 1-0

[Event "Prague Festival Open 2019"]
[Site "Prague"]
[Date "2019.03.12"]
[Round "5"]
[White "Stany, G.A."]
[Black "Dong, Bao Nghia"]
[Result "1/2-1/2"]
[WhiteElo "2507"]
[BlackElo "2180"]
[Annotator "TA"]
[PlyCount "185"]
[EventDate "2019.02.28"]
[EventType "tourn"]
[EventCountry "CZE"]
[SourceTitle "playchess.com"]
[Source "ChessBase"]
[SourceQuality "1"]

{[%evp 20,185,37,33,18,34,46,0,0,0,14,0,12,4,17,19,24,-39,46,34,33,33,50,37,57,57,94,87,79,76,95,0,0,0,32,0,0,0,81,15,6,16,22,15,66,59,67,61,70,65,92,71,75,54,126,62,71,71,90,103,106,59,141,141,175,172,195,195,231,231,231,231,225,226,235,222,267,275,270,263,297,267,251,223,268,133,133,134,119,52,52,52,52,52,52,52,52,52,52,52,52,52,52,8,8,0,52,52,52,52,52,52,52,52,52,52,52,52,52,52,52,52,52,0,52,52,52,16,52,52,52,8,52,52,52,52,52,52,52,52,52,52,52,0,52,52,52,52,52,52,52,8,52,52,52,0,31,8,31,0,8,0,8,0,0,-8,-8,-8]} 1. e4 {[%cal Be2e4,Be4e5][%mdl 32]} e6 2. d4 d5 3. Nd2 Nf6 4. e5 Nfd7 5. Bd3 c5 6. c3 Nc6 7. Ne2 f6 8. exf6 Nxf6 9. Nf3 Bd6 {C06: French Tarrasch: 3...Nf6 4 e5 Nfd7 5 Bd3 main lines} 10. O-O O-O (10... Qc7 11. g3 O-O 12. Bf4 e5 13. dxe5 Nxe5 14. Nxe5 Bxe5 15. Bxe5 Qxe5 16. Nf4 Bg4 17. f3 {½-½ (87) Tabatabaei,M (2605)-Chakravarthi,R (2442) Dubai 2018}) 11. Bf4 {LiveBook: 13 Games} Ng4 {White is slightly better.} 12. Bxd6 Qxd6 13. h3 $146 ({Predecessor:} 13. Ng3 e5 14. dxe5 Ncxe5 15. Nxe5 Nxe5 16. Qd2 Bg4 17. f4 Nxd3 18. Qxd3 {1-0 (58) Dory,J (2330)-Vogler,T (2295) Wiesbaden 1994}) 13... Rxf3 $1 {[%csl Gg4][%cal Rd6h2]} 14. hxg4 Rf7 15. f4 Bd7 16. g5 g6 17. Qd2 Raf8 18. g3 (18. Rf3 $11) 18... b5 (18... cxd4 $1 $15 19. cxd4 e5) 19. Kg2 b4 $1 20. Rab1 a5 21. Qe3 Qe7 22. Ng1 bxc3 23. bxc3 cxd4 24. cxd4 Qa3 {[#] Threatening ...Nb4.} 25. Rf2 (25. Rfe1 $1 $16) 25... e5 $1 $11 26. dxe5 {Black must now prevent Nf3.} Nxe5 27. Rb3 Qd6 {And now ...d4 would win.} 28. Rd2 Ng4 {[#]} (28... Nxd3 $11 29. Qxd3 Bf5) 29. Qb6 (29. Qd4 $1 $16) 29... Qxb6 30. Rxb6 Ne3+ 31. Kf2 Nc4 (31... Ng4+ $11 32. Kf1 Ne3+ 33. Kf2 Ng4+ 34. Kg2 Ne3+ 35. Kf2) 32. Bxc4 $1 $14 dxc4 33. Ne2 Rc8 34. Nc3 Bf5 35. a4 Bd3 36. Rdb2 h6 (36... Rd7 $14) 37. R2b5 (37. gxh6 $16 Kh7 38. R2b5) 37... hxg5 38. Rxg5 Rh7 39. Rxa5 Rh2+ 40. Ke3 Rg2 (40... Rc2 $14 41. Nd5 Re2+ 42. Kd4 Rd8) 41. Kf3 $16 Rd2 42. Nd5 Rf8 43. Rc5 Kg7 44. Rb7+ Rf7 45. Rcc7 Rxc7 46. Rxc7+ $18 {[%mdl 4096] Endgame KRB-KRN} Kf8 47. Ke3 Rg2 48. a5 {aiming for a6.} Ra2 49. Ra7 Ra3 50. Kd4 Bf1 51. Nc3 Ke8 52. a6 (52. Ra8+ $18 {has better winning chances.} Kd7 53. Ra6) 52... Ra5 $16 53. Ra8+ Kf7 54. Ne4 (54. Ke3 $16) 54... c3 $14 55. Nxc3 Rxa6 56. Rxa6 Bxa6 {KB-KN} 57. Ke5 Bc8 58. Ne4 {Nd6+ is the strong threat.} Kg7 59. Nf6 Kf7 60. g4 {[%cal Bg3g4,Bg4g5][%mdl 32]} Kg7 61. Ne8+ Kf8 62. Nf6 Kg7 $1 63. g5 Kf7 64. Kd6 Bf5 65. Nd7 Ke8 66. Ne5 Kf8 $1 67. Nc6 Kf7 68. Nd4 Bg4 69. Kd5 Bh3 70. Ke5 Bd7 71. Kd6 Bg4 72. Nc2 $1 Bc8 73. Kc7 Bf5 74. Ne3 Be6 75. Kd8 Bb3 76. Kd7 Be6+ 77. Kd6 Bh3 78. Nc4 Bf5 79. Ke5 {Intending Nd6+ and mate.} Ke7 80. Nd6 Bg4 81. Nc4 Bf5 $1 82. Ne3 Bh3 83. Nd5+ Kf7 84. Kd6 Bf5 85. Kc7 Be6 86. Nb4 Bh3 87. Nc2 ({White should play} 87. Kd6 $14) 87... Ke7 88. Ne3 Be6 89. Nc2 Bf5 {The position is equal.} 90. Ne3 Be4 91. Ng4 Ke6 92. Ne5 Kf5 93. Nxg6 {Precision: White = 52%, Black = 47%.} 1/2-1/2

[Event "Prague Festival Open 2019"]
[Site "Prague"]
[Date "2019.03.12"]
[Round "5"]
[White "Gasanov, Eldar"]
[Black "Stefansson, Hannes"]
[Result "0-1"]
[WhiteElo "2500"]
[BlackElo "2523"]
[Annotator "TA"]
[PlyCount "78"]
[EventDate "2019.02.28"]
[EventType "tourn"]
[EventCountry "CZE"]
[SourceTitle "playchess.com"]
[Source "ChessBase"]
[SourceQuality "1"]

{[%evp 14,78,2,0,14,8,28,20,20,0,0,0,24,0,0,0,-7,-50,-37,-45,-39,-35,-30,-25,-28,-88,-91,-85,-23,-23,-20,-61,-87,-60,-69,-58,-47,-43,5,0,0,7,0,3,89,0,0,-60,-57,-56,-56,-53,0,-72,-72,-60,-58,-55,-55,-53,-58,-70,-70,-93,-135,-773,-766]} 1. c4 Nf6 2. Nc3 e5 3. Nf3 Nc6 4. a3 g6 5. g3 Bg7 6. Bg2 O-O 7. O-O d6 8. d3 Bd7 {A26: English Opening vs King's Indian with ...Nc6 and d3} (8... Nd4 9. Ne1 c6 10. b4 Re8 11. e3 Ne6 12. Bb2 h5 13. Nf3 Bd7 14. Rc1 Rc8 15. c5 Nf8 16. cxd6 Bg4 {½-½ (81) Caruana,F (2822)-Aronian,L (2767) Saint Louis 2018}) 9. Rb1 Rb8 10. b4 a6 {The position is equal.} 11. h3 b5 12. e4 Nd4 $146 ({Predecessor:} 12... h6 13. Be3 Be6 14. Qe2 Nh5 15. Nd5 Qd7 16. g4 {0-1 (37) Norwood,D (2460)-Landenbergue,C London 1986}) 13. Nxd4 exd4 14. Ne2 bxc4 15. Nxd4 (15. dxc4 {seems wilder.} Re8 16. Bg5 h6 17. Bxf6 Qxf6 18. Nf4) 15... cxd3 16. Qxd3 c5 17. bxc5 Rxb1 18. Qxb1 dxc5 19. Nb3 (19. Nc2 $11) 19... Bb5 $17 {White must now prevent ...Bd3.} 20. Re1 {[#]} Bd3 (20... c4 $1 $17 {[%cal Rc4b3]} 21. Nc5 Nd7) 21. Qa2 $1 $11 Qb6 {And now ...Bc4 would win.} 22. Nd2 c4 23. e5 Nd7 24. Nf3 Rb8 25. Bf4 Qb2 26. Qxb2 Rxb2 27. e6 fxe6 28. Rxe6 Bf8 (28... c3 $11) 29. Rxa6 ({White should try} 29. Rc6 $16) 29... Bc5 $36 {[%mdl 2048] Black has some pressure.} 30. Ne5 (30. Rc6 $11) 30... Bxf2+ $15 31. Kh2 Nb6 $1 {...Bd4 is the strong threat.} 32. h4 Bd4 (32... Bf5 $15 33. g4 Bc8) 33. Kh3 (33. Nxd3 $11 {remains equal.} cxd3 34. Kh3) 33... Bf5+ $17 34. g4 Be6 35. a4 Bd5 36. Bxd5+ Nxd5 37. Ra8+ Kg7 38. Bg3 {[#]} Rb3 $1 {aiming for ...Bxe5.} 39. Re8 $2 {[%mdl 8192]} (39. Kh2 $17 Ne3 40. Bf4) 39... Bf2 {Accuracy: White = 43%, Black = 54%.} 0-1

[Event "Prague Festival Open 2019"]
[Site "Prague"]
[Date "2019.03.12"]
[Round "5"]
[White "Cernousek, Lukas"]
[Black "Rakotomaharo, Fy Antenaina"]
[Result "1/2-1/2"]
[WhiteElo "2429"]
[BlackElo "2409"]
[Annotator "TA"]
[PlyCount "37"]
[EventDate "2019.02.28"]
[EventType "tourn"]
[EventCountry "CZE"]
[SourceTitle "playchess.com"]
[Source "ChessBase"]
[SourceQuality "1"]

{[%evp 13,37,13,15,16,35,22,68,70,72,81,75,64,79,83,106,69,72,68,75,72,48,40,54,0,0,0]} 1. e4 c5 2. Nf3 d6 3. d4 cxd4 4. Nxd4 Nf6 5. Nc3 a6 6. Be3 e5 7. Nf3 Qc7 8. a4 {B90: Sicilian Najdorf: Unusual White 6th moves, 6 Be3 Ng4 and 6 Be3 e5} Nbd7 (8... Be7 9. Be2 O-O 10. O-O h6 11. a5 Be6 12. Nd5 Nxd5 13. exd5 Bf5 14. c4 Nd7 15. b4 Rac8 16. Rc1 Bh7 17. Nd2 f5 18. f3 Bg5 19. Qb3 Kh8 {½-½ (41) Anand,V (2773)-Korobov,A (2698) St Petersburg 2018}) 9. Nd2 Nc5 10. Bg5 $1 {White is slightly better.} Be6 $146 {[#]} ({Predecessor:} 10... Be7 11. Bxf6 Bxf6 12. Nd5 Qd8 13. b4 Ne6 14. Nc4 Be7 15. a5 {1-0 (51) Maia,V (2358)-De Souza,O (2253) ICCF email 2015}) 11. Bxf6 $1 gxf6 12. Qf3 Nd7 13. Bd3 Bh6 14. Nf1 Rg8 15. Nd5 Qc5 16. c3 f5 {[#] Strongly threatening ...fxe4.} 17. Ng3 $1 {[%cal Rg3f5]} Rg5 18. b4 (18. O-O $1 $14) 18... Qc8 $1 $11 {Threatens to win with ...Bxd5.} 19. Nxf5 {Accuracy: White = 88%, Black = 78%.} 1/2-1/2

[Event "Prague Festival Open 2019"]
[Site "Prague"]
[Date "2019.03.12"]
[Round "5"]
[White "Sokolov, Alexander"]
[Black "Kriebel, Tadeas"]
[Result "0-1"]
[WhiteElo "2393"]
[BlackElo "2507"]
[Annotator "TA"]
[PlyCount "52"]
[EventDate "2019.02.28"]
[EventType "tourn"]
[EventCountry "CZE"]
[SourceTitle "playchess.com"]
[Source "ChessBase"]
[SourceQuality "1"]

{[%evp 15,52,-43,-15,-49,-10,-21,-24,-76,-68,-67,-59,-108,0,0,0,-58,-58,-57,-35,-27,-4,-46,-44,-339,-339,-491,-282,-279,-251,-640,-633,-644,-638,-637,-637,-731,-718,-734,-724]} 1. e4 e5 2. Nc3 Nf6 3. f4 d5 4. exd5 exf4 5. Nf3 Nxd5 6. Nxd5 Qxd5 7. d4 Be7 8. Bd3 g5 {LiveBook: 3 Games. C36: King's Gambit Accepted: 3 Nf3 d5} 9. Qe2 Nc6 {And now ...g4 would win.} (9... Bf5 10. Bxf5 Qxf5 11. c4 Nc6 12. d5 O-O-O 13. O-O Bc5+ 14. Kh1 Rhe8 15. Qd1 Nb4 16. Ne1 {0-1 (32) Kislinsky,A (2430)-Votava,J (2527) Czech Republic 2019}) 10. Be4 Qd6 {The position is equal.} 11. Bxc6+ (11. Bd2 $11 {keeps the balance.}) 11... Qxc6 $146 ({Predecessor:} 11... bxc6 12. Nxg5 Qxd4 13. Nf3 Qb6 14. Qe5 Rg8 15. Bxf4 Qb4+ 16. Bd2 {½-½ (49) Jonkman,H (2345)-Kroeze,F Leeuwarden 1993}) 12. Nxg5 O-O 13. d5 Qxd5 (13... Bb4+ $1 $17 14. c3 Bxc3+ $1 {[%mdl 512]} 15. Kf1 Qxd5 16. bxc3 Qxg5) 14. Qxe7 $11 {0-0 is the strong threat.} Qxg2 15. Qe4 ({But not} 15. Rf1 $2 Bh3 $19) (15. Nf3 $1 $11 Qxh1+ 16. Kf2) 15... Qxg5 $15 16. Bxf4 Qh4+ 17. Kd2 $1 {Hoping for Rag1+.} Qf2+ 18. Kc1 Bg4 {[%cal Bc8g4,Bg4f5,Bf5g6][%mdl 32] Threatens to win with ...Rae8.} 19. Bh6 $2 {[%mdl 8192]} ({Better is} 19. Bg3 $15 Qf5 20. Qxf5 Bxf5 21. Re1) 19... Bf5 $19 20. Qc4 (20. Qxf5 {only move.} Qxf5 21. Rg1+ Qg6 22. Rxg6+ fxg6 23. Bxf8 Rxf8 24. b3) 20... Rfe8 (20... Qg2 $142 21. Rd1 Rad8 $1 {[%mdl 512]} 22. Rxd8 Rxd8) 21. Qc3 {[%csl Gh6][%cal Rc3g7] [#]} Qg2 $1 $40 {[%cal Rg2h1][%mdl 128] Black is out for blood.} 22. Rd1 $2 (22. Qg3+ Qxg3 23. hxg3) 22... Re2 {[%cal Re2c2] Black is clearly winning.} 23. Bd2 Rd8 24. b3 Bg6 25. h4 h5 26. a4 Qf2 {Precision: White = 20%, Black = 79%.} 0-1

[Event "Prague Festival Open 2019"]
[Site "Prague"]
[Date "2019.03.13"]
[Round "6.1"]
[White "Stefansson, Hannes"]
[Black "Zubov, Alexander"]
[Result "1/2-1/2"]
[WhiteElo "2523"]
[BlackElo "2605"]
[Annotator "TA"]
[PlyCount "24"]
[EventDate "2019.02.28"]
[EventType "tourn"]
[EventCountry "CZE"]
[SourceTitle "playchess.com"]
[Source "ChessBase"]
[SourceQuality "1"]

{[%evp 9,24,0,30,27,62,60,58,66,65,61,78,4,1,0,0,0,0]} 1. d4 Nf6 2. c4 g6 3. g3 c6 4. Bg2 d5 5. e3 (5. cxd5 cxd5 6. Nf3 Bg7 7. Ne5 O-O 8. Nc3 Bf5 9. O-O Ne4 10. Bf4 Nxc3 11. bxc3 Nc6 12. Nxc6 bxc6 13. Qa4 Qd7 14. Rac1 Rac8 15. Rfd1 Rfd8 16. c4 Be4 17. f3 Bf5 18. cxd5 cxd5 19. Qxd7 Bxd7 20. Bc7 Re8 21. e3 Bb5 22. Bf1 a6 {½-½ (22) Leko,P (2679)-Mamedyarov,S (2817) Germany 2019}) 5... dxc4 6. Nd2 {D71: Fianchetto Grünfeld: 3 g3 d5 sidelines and 5 cxd5 (without Nf3)} e5 $146 ({Predecessor:} 6... Be6 7. Qc2 b5 8. Ngf3 Bh6 9. O-O O-O 10. b3 cxb3 11. axb3 a5 12. Ne5 Ra6 {½-½ (44) Markus,R (2672)-Krasenkow,M (2630) Kocaeli 2017}) 7. dxe5 Ng4 8. Ngf3 {White is slightly better.} Bg7 9. O-O O-O 10. h3 (10. Nxc4 $16 Nd7 11. e6 (11. Qd4 b5 $14) 11... fxe6 12. Qc2) 10... Nxe5 $11 {The position is equal.} 11. Nxe5 Bxe5 12. Nxc4 Bg7 1/2-1/2

[Event "Prague Festival Open 2019"]
[Site "Prague"]
[Date "2019.03.13"]
[Round "6.2"]
[White "Kriebel, Tadeas"]
[Black "Sivuk, Vitaly"]
[Result "1/2-1/2"]
[WhiteElo "2507"]
[BlackElo "2514"]
[Annotator "TA"]
[PlyCount "116"]
[EventDate "2019.02.28"]
[EventType "tourn"]
[EventCountry "CZE"]
[SourceTitle "playchess.com"]
[Source "ChessBase"]
[SourceQuality "1"]

{[%evp 9,116,25,48,26,16,25,36,19,45,0,8,0,12,-10,0,-15,15,22,19,22,41,29,41,26,19,0,0,0,0,0,0,0,0,0,39,36,37,39,34,44,35,33,28,34,55,37,92,52,65,40,36,37,37,41,40,8,8,8,8,9,8,8,10,10,10,10,10,5,31,5,10,0,0,0,0,0,5,5,5,5,5,5,5,0,5,5,5,5,5,5,5,5,5,5,5,5,6,5,6,5,5,5,6,6,6,0,0,0,0]} 1. e4 c6 2. d4 d5 3. e5 c5 4. Nf3 e6 (4... cxd4 5. Nxd4 e6 6. Nd2 Ne7 7. Bd3 Nec6 8. N2f3 Nxd4 9. Nxd4 Nc6 10. Nf3 Bc5 11. O-O h6 12. c3 a6 13. Re1 {1-0 (57) Jones,G (2682)-Indjic,A (2620) St Petersburg 2018}) 5. c3 Bd7 6. Be2 {B12: Caro-Kann: Advance Variation} Nc6 7. O-O Rc8 8. a3 {White is slightly better.} a6 $146 ({Predecessor:} 8... Nge7 9. b4 cxb4 10. axb4 a6 11. Nbd2 Ng6 12. Nb3 {1-0 (29) Kolosowski,M (2413)-Polak,R (1946) Karvina 2012}) 9. dxc5 Bxc5 10. b4 Ba7 11. c4 Nge7 12. Nc3 {[%cal Rc4d5]} O-O 13. cxd5 exd5 14. Nxd5 Bg4 15. Nxe7+ Qxe7 16. Bg5 Qe6 17. Nd4 Bxe2 $1 18. Nxe6 Bxd1 19. Nxf8 Bg4 20. h3 Bf5 21. g4 Bd3 22. Rfd1 Bc2 23. Nd7 $1 {[#] Hoping for Rd6.} Bxd1 24. Rxd1 Bd4 25. Kg2 Bxe5 26. Nb6 Rf8 27. Be3 f5 (27... f6 $14) 28. Nd7 Rf7 29. Nxe5 Nxe5 $14 {[%mdl 4096] Endgame KRB-KRN} 30. Rd8+ Rf8 31. Rd5 Ng6 32. Bd2 fxg4 33. hxg4 Nf4+ 34. Bxf4 $1 Rxf4 $11 {KR-KR} 35. Kg3 Rc4 36. Rd8+ Kf7 37. Rd7+ Kg8 38. f3 b5 39. Ra7 Rc6 {The position is equal.} 40. g5 h6 41. Kg4 hxg5 42. Kxg5 Rc3 43. Rxa6 {Strongly threatening f4.} Rxf3 44. Ra5 Kh7 45. Kg4 Rc3 46. Kf5 Kh6 47. Rxb5 Rxa3 48. Rb8 {[%cal Rb8h8] [#]} g6+ 49. Kf4 g5+ 50. Kg4 Kg6 51. Rb6+ Kf7 52. Kxg5 Ke7 53. Kf5 Kd7 54. Ke5 Kc7 55. Rb5 Kc6 56. Rc5+ Kb6 57. Ra5 Rxa5+ 58. bxa5+ Kxa5 {Accuracy: White = 54%, Black = 71%.} 1/2-1/2

[Event "Prague Festival Open 2019"]
[Site "Prague"]
[Date "2019.03.13"]
[Round "6.3"]
[White "Bernadskiy, Vitaliy"]
[Black "Salimova, Nurgyul"]
[Result "1/2-1/2"]
[WhiteElo "2581"]
[BlackElo "2414"]
[Annotator "TA"]
[PlyCount "121"]
[EventDate "2019.02.28"]
[EventType "tourn"]
[EventCountry "CZE"]
[SourceTitle "playchess.com"]
[Source "ChessBase"]
[SourceQuality "1"]

{[%evp 11,121,-20,0,0,0,0,0,-6,13,16,16,8,12,3,19,4,5,16,56,32,38,27,27,0,0,0,63,76,78,62,70,64,66,56,45,29,20,25,11,0,0,0,58,0,0,0,0,0,0,0,45,59,60,59,31,21,102,88,90,97,140,24,115,-47,-8,-8,-8,-8,-8,-241,-7,-8,-8,-8,-8,-8,-8,-8,0,-50,-38,-48,-58,-54,-4,-4,-8,-8,59,23,684,127,143,131,945,896,1144,0,8,0,0,0,0,0,0,-22,0,0,0,0,0,0]} 1. c4 e6 2. Nc3 d5 3. d4 c6 4. e3 Nf6 5. Bd3 Nbd7 6. Nge2 {D31: Queen's Gambit Declined: Semi-Slav without ...Nf6 (+ Marshall Gambit and Noteboom) and Exchange Variation lines without ...Nf6} (6. a3 Bd6 7. c5 Bc7 8. f4 b6 9. b4 a5 10. Bd2 bxc5 11. bxc5 Ba6 12. Bxa6 Rxa6 13. Nge2 O-O {0-1 (51) Kuzubov,Y (2655)-Korobov,A (2698) Kiev 2018}) 6... Bd6 {LiveBook: 3 Games} 7. c5 Bc7 8. f4 b6 9. b4 {[%cal Bb2b4,Bb4b5,Bb5c6][%mdl 32]} a5 10. b5 $146 ({Predecessor:} 10. cxb6 Bxb6 11. b5 c5 12. a4 Bb7 13. O-O O-O {0-1 (47) Nguyen Thi Thuy,T (1915)-Nguyen,T (1847) Da Lat 2013}) 10... bxc5 11. bxc6 Nb8 $1 {[%cal Bd7b8,Bb8a6,Ba6b4][%mdl 32] Threatening ...c4.} 12. dxc5 O-O 13. Nd4 e5 14. fxe5 Bxe5 15. O-O Na6 16. Na4 Bg4 17. Qe1 Nb4 18. Bb1 Ne4 (18... Qc7 $1 $11 19. Qh4 h5) 19. a3 $1 $14 Na6 20. Bb2 {Threatens to win with Bxe4.} Naxc5 21. Nxc5 Nxc5 22. h3 Bc8 23. Ne6 Nxe6 24. Bxe5 Ba6 25. Rf5 f6 26. Bc3 Qe8 (26... Bc4 $1 $11) 27. Bxa5 (27. Rxd5 $14 Qxc6 28. Rxa5) 27... Qxc6 $11 28. Bb4 Rfe8 29. Ba2 Rad8 30. Rc1 Qa8 31. Qg3 Kh8 32. Bb1 $1 Rc8 33. Rd1 d4 (33... Ng5 $1 $11 {remains equal.}) 34. Ra5 Qb7 35. Qh4 {[%csl Gb1][%cal Rh4h7]} h6 36. Qh5 (36. exd4 $16 Bc4 37. Qg4) 36... Ng5 ({Not} 36... dxe3 $2 37. Qg6 $18) (36... d3 $1 $11) 37. Rxd4 $2 (37. h4 $16 Ne4 38. exd4) 37... Rc1+ 38. Kh2 $1 $132 {[%cal Rh5e8,Bg1h2,Bh2g3,Bg3g4,Bg4f5,Bf5e6,Be6e7][%mdl 2080] White is fighting back} Qb8+ 39. Bd6 Qxb1 40. Qxe8+ Kh7 {( -> ...Rh1+)} 41. Rxg5 $1 (41. Rxa6 Rh1+ 42. Kg3 Qe1+ 43. Kg4 Qf2 $19) 41... Rh1+ 42. Kg3 Qe1+ 43. Kg4 Be2+ 44. Kf5 {Threatening mate with Qg6+.} Qa5+ 45. Ke6 {White wants to mate with Qg6+.} (45. Be5 $5 hxg5 46. Qg6+ Kh8 47. Qe8+ Kh7 48. Qg6+ Kh8 49. Qe8+ Kh7 $11) 45... Qxg5 46. Bf4 Qxg2 47. Ke7 Rb1 {Black wants to play ...Bf3.} 48. Kf8 $1 Bb5 49. Qe7 {Hoping for Bc7.} Rc1 ({Black should try} 49... Rg1 $1 $11) 50. Rd8 $14 {Black should prevent e4.} Bc4 $2 {[%mdl 8192] [#]} (50... Qg6 $11) 51. h4 $2 (51. Qc7 $1 $18 {is the precise move to win. Intending Bg3 and mate.} f5 52. Be5) 51... Rb1 $16 {[#]} 52. e4 $1 {Black must now prevent Rc8.} Rf1 $2 {[%mdl 8192]} (52... Qg6 $16) 53. Qc7 $18 Be6 54. Bg3 $2 ({White should play} 54. Re8 $18) 54... Kg6 $11 {The position is equal.} 55. Qxg7+ Kh5 56. Qe7 {aiming for Qe8+.} Qxe4 57. Re8 Rf3 58. Qd6 Re3 {Strongly threatening ...Qg4.} 59. Bf4 Re2 60. a4 Qxa4 (60... Qf5 $5 61. Re7 $8 Qg4 $11) 61. Qc5+ {Precision: White = 69%, Black = 47%.} 1/2-1/2

[Event "Prague Festival Open 2019"]
[Site "Prague"]
[Date "2019.03.13"]
[Round "6.4"]
[White "Popovic, Dusan"]
[Black "Plischki, Sebastian"]
[Result "1-0"]
[WhiteElo "2511"]
[BlackElo "2397"]
[Annotator "TA"]
[PlyCount "59"]
[EventDate "2019.02.28"]
[EventType "tourn"]
[EventCountry "CZE"]
[SourceTitle "playchess.com"]
[Source "ChessBase"]
[SourceQuality "1"]

{[%evp 18,59,22,18,31,22,28,11,16,20,47,31,52,18,32,19,47,27,78,78,119,112,185,179,178,182,177,170,408,340,832,845,844,843,806,750,1256,1216,1539,1539,1537,1483,1457,1445]} 1. e4 Nf6 2. e5 Nd5 3. d4 d6 4. Nf3 g6 5. Bc4 Nb6 6. Bb3 Bg7 7. O-O O-O 8. Re1 Nc6 9. exd6 cxd6 10. c3 Bf5 {B04: Alekhine's Defence: 4 Nf3} (10... e5 11. dxe5 dxe5 12. Qxd8 Rxd8 13. Ng5 Rf8 14. Ne4 Na5 15. Bg5 Nxb3 16. axb3 f6 17. Be3 Bf5 18. Nd6 {1-0 (50) Stevic,H (2587)-Dimitrov,R (2534) Skopje 2018}) 11. a4 a6 $146 ({Predecessor:} 11... Qc7 12. a5 Nd7 13. a6 e5 14. axb7 Qxb7 15. Bd5 Nb6 16. Bxc6 Qxc6 17. dxe5 dxe5 18. Nxe5 {1-0 (71) Lizorkina,V (1761)-Razumov,A (1475) LSS email 2011}) 12. Bg5 d5 {The position is equal.} 13. Nbd2 f6 14. Bf4 Na5 15. Ba2 Rc8 16. Qe2 Re8 17. b4 Nac4 (17... Nc6 $1 $11 {keeps the balance.}) 18. a5 $16 {[%cal Ba4a5,Ba5b6][%mdl 32]} Nxd2 19. axb6 Nxf3+ (19... Ne4 $16) 20. Qxf3 $18 e6 21. Bc7 $1 $36 {[%cal Rc7d8][%mdl 2048] White is on the roll.} Qd7 22. Bb3 Qb5 $2 {[#]} (22... Qf7 23. g4 Be4 24. Rxe4 dxe4 25. Qxe4 Rxc7 26. bxc7 Qxc7) 23. c4 $1 {[%mdl 512]} dxc4 $2 (23... Qxb4 24. cxd5 Bg4 25. Qxg4 Qxb3) 24. Ba4 {[%mdl 64] Skewer. White is clearly winning.} Qxb4 25. Bxe8 Rxe8 26. Qxb7 c3 27. Qc6 Kf7 28. Bd6 {[#] Threatening mate with Qd7+.} Qb5 29. Qxb5 axb5 30. Ra7+ {Accuracy: White = 83%, Black = 28%.} 1-0